000 00870nam a2200217 a 4500
001 000020777
005 20240305094404.0
008 100817s2013 dr 001 0 spa d
020 _a9789945471618
040 _aDO-SdBNP
_bspa
_cBNPHU
082 _axxxxxxx
_bxxxxxxx
100 1 _aDuarte Canaán, Pedro J.,
_d1963-
_96300
245 1 0 _aEl expansionismo penal :
_btendencias renovada del neopunitivismo /
_cPedro J. Duarte Canaán ; prólogo Francisco René Duarte Canaán.
260 _aSanto Domingo :
_bEscuela Nacional de Derecho Penal,
_c2013.
300 _a187 p. ;
_c23 cm.
500 _aIncluye índice
500 _aIncluye datos biográficos del autor en la contracubierta
500 _aIncluye referencias bibliográficas y notas al pie de las páginas
504 _aBibliografías : p. 177-182
700 1 _aDuarte Canaán, Francisco René,
_epról.
_943552
999 _c20281
_d20281